| 000 | 01446nam a22002657a 4500 | ||
|---|---|---|---|
| 003 | OSt | ||
| 005 | 20250522105631.0 | ||
| 008 | 200130s2016 ck a|||jr|||| 00| f spa d | ||
| 020 | _a9789585951037 | ||
| 040 |
_aCO-JMCR _cCO-JMCR |
||
| 041 | 0 | _aspa | |
| 082 |
_aJ-N _bGALo |
||
| 100 | 1 |
_aGallego, Laura, _eautora _992 |
|
| 245 | 1 | 0 |
_aOmnia : _btodo lo que puedas soñar / _cLaura Gallego ; ilustraciones de Xavier Bonet |
| 250 | _aPrimera edición | ||
| 260 |
_aBogotá : _bMontena, _c2016 |
||
| 300 |
_a284 páginas : _bilustraciones a blanco y negro ; _c21 cm. |
||
| 500 | _aIncluye datos biográficos de la autora en solapa. | ||
| 520 | _aTodo el mundo sabe que en Omnia, la gran tienda virtual, puedes comprar cualquier cosa. En su catálogo encontraras todo lo que puedas imaginar e incluso objetos que ni siquiera sospechabas que existían. Por eso, cuando Nico tira a la basura por accidente el peluche favorito de su hermana pequeña, no duda en buscar en su web uno igual para remplazarlo. Pero un error informático inesperado lo conducirá hasta el mismo corazón de Omnia, un inmenso y extraordinario almacén en el que la búsqueda del peluche será solo el comienzo de una emocionante aventura. | ||
| 650 | 1 | 4 |
_aNovela juvenil _993 |
| 650 | 1 | 4 |
_aHermanos y hermanas _xnovela juvenil _9185 |
| 650 | 1 | 4 |
_aComercio electrónico (juguetes) _xliteratura juvenil _994 |
| 700 | 1 |
_aBonet, Xavier, _eilustrador _995 |
|
| 942 |
_2ddc _cBK |
||
| 999 |
_c6414 _d6414 |
||